Countries With the Letter W in the Name - Statistics

General Stats
  • This quiz has been taken 34 times
    15 since last reset
  • The average score is 7 of 12
Answer Stats
Country % Correct
New Zealand
100%
Zimbabwe
70%
Eswatini
60%
Malawi
60%
Papua New Guinea
60%
Rwanda
60%
Sweden
60%
Switzerland
60%
Botswana
40%
Norway
40%
Taiwan
40%
Kuwait
30%
No matching quizzes found
Score Distribution
Percent of People with Each Score
Percentile by Number Answered
Your Score History
You have not taken this quiz since the last reset